Advances in microwave and radio frequency processing : (Record no. 189491)
[ view plain ]
| 000 -LEADER | |
|---|---|
| fixed length control field | 01592 a2200241 4500 |
| 003 - CONTROL NUMBER IDENTIFIER | |
| control field | Nust |
| 005 - DATE AND TIME OF LATEST TRANSACTION | |
| control field | 20230907091911.0 |
| 010 ## - LIBRARY OF CONGRESS CONTROL NUMBER | |
| LC control number | 2005934302 |
| 020 ## - INTERNATIONAL STANDARD BOOK NUMBER | |
| Terms of availability | 3540432523 (hd.bd.) |
| 020 ## - INTERNATIONAL STANDARD BOOK NUMBER | |
| Terms of availability | 9783540432524 (hd.bd.) |
| 040 ## - CATALOGING SOURCE | |
| Transcribing agency | Nust |
| 082 00 - DEWEY DECIMAL CLASSIFICATION NUMBER | |
| Classification number | 621.402,PRO |
| 245 10 - TITLE STATEMENT | |
| Title | Advances in microwave and radio frequency processing : |
| Remainder of title | report from the 8th International Conference on Microwave and High-Frequency Heating held in Bayreuth, Germany, September 3-7, 2001 / |
| Statement of responsibility, etc. | Monika Willert-Porada (ed.). |
| 246 14 - VARYING FORM OF TITLE | |
| Title proper/short title | Advances in microwave and radio frequency processing, 8th International Conference on Microwave and High-Frequency Heating |
| 260 ## - PUBLICATION, DISTRIBUTION, ETC. | |
| Place of publication, distribution, etc. | Berlin ; |
| -- | New York : |
| Name of publisher, distributor, etc. | Springer, |
| Date of publication, distribution, etc. | 2006. |
| 300 ## - PHYSICAL DESCRIPTION | |
| Extent | xiv, 791 p. : |
| Other physical details | ill. ; |
| Dimensions | 25 cm. |
| 505 ## - FORMATTED CONTENTS NOTE | |
| Formatted contents note | Hardware (Page-3), Measurement Techniques And Regulations (Page-65), Modeling (Page-167), Food Processing And Environmental Engineering Applications (Page-259), Microwave Applications In Chemistry (Page-359), Industrial Microwave Applications (Page-417), Fundamentals Of Microwave Applications To Materials Processing (Page-461), Microwave Sintering Of Ceramics And Metals (Page-533), Synthesis And Microwave Processing Of Powers (Page-619), New Applications And Process Related To Microwave And RF Heating (Page-673). |
| 650 #0 - SUBJECT ADDED ENTRY--TOPICAL TERM | |
| Topical term or geographic name entry element | Telecommunication Engineering |
| 700 1# - ADDED ENTRY--PERSONAL NAME | |
| Personal name | Willert-Porada, Monika. |
| 9 (RLIN) | 99321 |
| 856 42 - ELECTRONIC LOCATION AND ACCESS | |
| Materials specified | Publisher description |
| Uniform Resource Identifier | <a href="http://www.loc.gov/catdir/enhancements/fy0663/2005934302-d.html">http://www.loc.gov/catdir/enhancements/fy0663/2005934302-d.html</a> |
| 856 42 - ELECTRONIC LOCATION AND ACCESS | |
| Materials specified | Table of contents only |
| Uniform Resource Identifier | <a href="http://www.loc.gov/catdir/enhancements/fy0817/2005934302-t.html">http://www.loc.gov/catdir/enhancements/fy0817/2005934302-t.html</a> |
| 942 ## - ADDED ENTRY ELEMENTS (KOHA) | |
| Koha item type | Reference |
| Source of classification or shelving scheme | |
| Withdrawn status | Lost status | Source of classification or shelving scheme | Damaged status | Not for loan | Permanent Location | Current Location | Shelving location | Date acquired | Full call number | Barcode | Date last seen | Price effective from | Koha item type | Public note |
|---|---|---|---|---|---|---|---|---|---|---|---|---|---|---|
| Military College of Signals (MCS) | Military College of Signals (MCS) | Reference | 12/12/2016 | 621.402,PRO | MCS35157 | 12/08/2016 | 12/12/2016 | Reference | Almirah No.24, Shelf No.1 |
